|
|
|
|
| LEADER |
01025nam a2200301 a 4500 |
| 001 |
000569974 |
| 003 |
CZ BrMZK |
| 005 |
20020108105122.0 |
| 007 |
ta |
| 008 |
000115s1971 xxu eng d |
| 020 |
|
|
|a 0-231-03462-8
|
| 040 |
|
|
|a BOA001
|b cze
|
| 041 |
1 |
|
|a eng
|h slo
|
| 043 |
|
|
|a e-cs---
|
| 080 |
|
|
|a (048.8)
|2 MRF
|
| 080 |
|
|
|a 94(437)"1968/1969"
|2 MRF
|
| 100 |
1 |
|
|a Sviták, Ivan,
|d 1925-1994
|7 jk01121907
|4 aut
|
| 245 |
1 |
4 |
|a The Czechoslovak experiment 1968-1969 /
|c Ivan Sviták
|
| 260 |
|
|
|a New York :
|b Columbia University Press,
|c 1971
|
| 300 |
|
|
|a [12], 243 s. :
|b il. ;
|c 24 cm
|
| 500 |
|
|
|a Překlad ze slovenských originálů
|
| 504 |
|
|
|a Bibliografie na s. 236-241
|
| 541 |
|
|
|a Australie, French Forest, St. Berton - RNDr. E. Slánský
|
| 655 |
|
7 |
|a studie
|7 fd133597
|2 czenas
|
| 651 |
|
7 |
|a Československo
|7 ge131689
|x dějiny
|y 1968-1969
|2 czenas
|
| 910 |
|
|
|a BOA001
|b 2-1089.728
|
| 990 |
|
|
|a BK
|
| 996 |
7 |
|
|b 2610141731
|c 2-1089.728
|l MZK
|r Sklad / do 1 hodiny
|n 2
|p dar
|w 000569974
|u 000010
|a 1
|e BOA001
|j MZK50
|s A
|